Ekonomika kvality

Gespeichert in:
Bibliographische Detailangaben
1. Verfasser: Čierna, Helena
Körperschaft: Univerzita Mateja Bela v Banskej Bystrici. Ekonomická fakulta
Format: Buch
Sprache:Slowakisch
Veröffentlicht: Banská Bystrica Univerzita Mateja Bela, Ekonomická fakulta v Banskej Bystrici 2006
Schlagworte:
Tags: Tag hinzufügen
Keine Tags, Fügen Sie das erste Tag hinzu!

MARC

LEADER 00000nam$a2200000$$$4500
001 0049053
005 20240223111524.4
020 |a 80-8083-186-6 
041 0 |a slo 
044 |a SK 
245 1 0 |a Ekonomika kvality  |c Helena Čierna 
264 1 |a Banská Bystrica  |b Univerzita Mateja Bela, Ekonomická fakulta v Banskej Bystrici  |c 2006 
300 |a 80 s. 
610 2 0 |a kvalita 
610 2 0 |a náklady 
610 2 0 |a projekty 
610 2 0 |a efektívnosť 
610 2 0 |a modely matematické 
610 2 0 |a programy výrobné 
610 2 0 |a spokojnosť zákazníkov 
610 2 0 |a dotazníky 
610 2 0 |a lojálnosť zákazníkov 
100 1 |a Čierna, Helena 
710 2 |a Univerzita Mateja Bela v Banskej Bystrici. Ekonomická fakulta